LEADER 01155nam a2200241 i 4500 001 000000251891 003 CaOOAMICUS 005 20161206000000.0 008 161206s1841 xx u000 u fre u 013 $a230796 040 $aSeMil$bita 100 1 $aGérando, Joseph-Marie : de,$d<1772-1842>.$0(OLS)http://semarc/name/2686 245 10$aDes progrès de l'industrie, considérés dans leurs rapports avec la moralité de la classe ouvriere /$cpar M. le Baron De Gerando. 260 $aParis :$bJules Renouard & C.,$c1841. 300 $a131 p. ;$c17 cm. 650 4$aSociologia del lavoro.$0(OLS)http://semarc/subject/5062 650 4$aIndustrializzazione.$0(OLS)http://semarc/subject/38426 650 4$aClasse operaia - Sec. 19.$0(OLS)http://semarc/subject/17715 850 $aSeMil 852 $aSeMil$W1$xVenegono$y1$m3N II 38 FA$j202237$B202237$CSeMilBibl$Z2$F214919 $8I 961 $aRecupero: Mantegazza 996 $6245$aDes progrès de l'industrie, considérés dans leurs rapports avec la moralité de la classe ouvriere$9(OLS)http://semarc/title/354020 996 $6260$aParis :$bJules Renouard & C.$9(OLS)http://semarc/publisher/39637 LEADER 00849nam a2200241 i 4500 001 000000111531 003 CaOOAMICUS 005 20030312000000.0 008 030312s2001 it u000 u ita u 013 $a84213 020 $a88-07-81153-7 040 $aSeMil$bita 245 13$aLa cura di sé. 250 $a6. ed. 300 $a249 p. 500 $aContiene : Indice delle opere citate. 650 4$aSesso - Storia.$0(OLS)http://semarc/subject/2325 773 0 $aFoucault, Michel <1926-1984>$tStoria della sessualità.$dMilano : Feltrinelli, [19--]$g3$w()8570 850 $aSeMil 852 $aSeMil$W1$xVenegono$y1$m52 8.3 1153 *$j67358$B67358$CSeMilBibl$Z2$F74485 $81 961 $aAcquisto: Àncora (Libreria) 996 $6020$a88-07-81153-7$9(OLS)http://semarc/number/93755 996 $6245$aLa cura di sé$9(OLS)http://semarc/title/162374